Länder mit den höchsten Lebenshaltungskosten - Statistiken

Allgemein
  • Dieses Quiz wurde 136 mal gespielt
  • Das Durchschnittsergebnis liegt bei 18 aus 25
Antwortstatistiken
Platz Land Lebenshaltungskosten in $ im Monat % Korrekt
9. Vereinigte Staaten 1.951
97%
2. Schweiz 2.497
95%
8. Norwegen 2.074
94%
20. Kanada 1.701
92%
7. Luxemburg 2.163
92%
25. Frankreich 1.519
87%
1. Monaco 3.743
87%
21. Österreich 1.617
87%
11. Vereinigtes Königreich 1.929
87%
10. Australien 1.944
86%
13. Dänemark 1.838
86%
4. Liechtenstein 2.306
86%
16. Niederlande 1.778
84%
6. Singapur 2.169
84%
24. Finnland 1.536
82%
15. Neuseeland 1.782
81%
22. Vereinigte Arabische Emirate 1.567
80%
5. Island 2.207
79%
3. Irland 2.316
76%
12. Katar 1.856
68%
17. Israel 1.774
57%
19. Bahamas 1.715
38%
18. Seychellen 1.725
20%
23. Nordkorea 1.540
13%
14. Vanuatu 1.829
11%
Keine übereinstimmenden Quizze gefunden
Verteilung der Resultate
Anzahl Personen mit jedem Resultat
Perzentil nach korrekt beantworteten Fragen
Ihre Resultats-Entwicklung
Sie haben dieses Quiz noch nicht gespielt